000 00580nam a2200229Ia 4500
003 OSt
005 20220918194545.0
006 a|||||r|||| 00| 0
007 ta
008 220917b |||||||| |||| 00| 0 eng d
024 _a80,127
037 _cTextual
040 _aARTS
_cARTS
_beng
041 _2eng
_aeng
082 _aS:24, K8
100 _aMccartney William
_985596
245 0 _aOlfaction and odurs ; an osphresiological essays
260 _c1968
650 _aPSYCHOLOGY
942 _hS:24, K8
_cTEXL
_2CC
999 _c203853
_d203853